000 004920000a22001810004500
003 MACL
005 20160113161723.0
008 160113b xxu||||| |||| 00| 0 eng d
040 _aMACL
_cMACL
041 _aEnglish
082 _a954/SIT
100 _aSitaramayya, B Pattabhi
_931973
245 _aThe History of the Indian national Congress
_bVolume 1 1885-1935
260 _bPadma publications Ltd
_c1946
_aBombay
350 _a15
650 _aHistory
_931974
942 _cBK
_k954/SIT
_2ddc
999 _c34930
_d34930